00901nam a22002417a 450000500170000001000150001702000190003203500130005103700130006408200150007724501210009226000480021327000200026130000330028165000400031465000320035465000360038670000260042270000170044894200290046599900170049495201480051120141015112419.0 aENG-111010 c3000.00 (v.50) aEN-94542 bDBAD/PUB a011.340954 aGuide to Indian periodical literature: cedited by Satya Parkash [and] Pankaj Jainbsocial sciences and humanities / aGargaonbIndian Documentation Servicec2013 bGurgaone122001 aV.50 (xxiv, 431p.)c26cm(Hb) aIndian preiodicals index periodical aHumanities periodical index aSocial science periodical index aSatya, Prakash913933 aJain, Pankaj 2ddccENh011.340954mGUI c89192d89192 00103v.5040718NFICaDBADbDBADd2014-10-09eDBAD/PUBg3000.00l0o011.340954 GUIpEN-94542r2014-10-09 00:00:00t1v3000.00w2014-10-09yEN